Když tady byl Haru

Saved in:
Bibliographic Details
Main Author Dustin, Thao
Format Electronic eBook
LanguageCzech
Published Yoli 2025
Edition1. elektronické vydání
Subjects
Online AccessDostupné v BOOKPORT po přihlášení pomocí eduID
ISBN978-80-284-0852-7
978-80-284-0443-7
Physical Description1 online zdroj (264 stran)

Cover

LEADER 00000nam a2200000 i 4500
001 bkp602879211
003 CZ-prgp
005 20260505114416.0
006 m o d
007 cr cn
008 260505s2025 xr o 000 1 cze
020 |a 978-80-284-0852-7  |c 319 Kč  |q (online ; epub) 
020 |a 978-80-284-0443-7  |c 319 Kč  |q (print) 
040 |a Grada  |b cze  |e rda 
100 1 |a Dustin, Thao 
245 1 0 |a Když tady byl Haru  |c Thao Dustin 
250 |a 1. elektronické vydání 
264 1 |b Yoli  |c 2025 
300 |a 1 online zdroj (264 stran) 
336 |a text  |b txt  |2 rdacontent 
337 |a počítač  |b c  |2 rdamedia 
338 |a online zdroj  |b cr  |2 rdacarrier 
520 3 |a Po smrti nejlepšího kamaráda si Erik Ly v hlavě vytváří imaginární scénáře, které mu pomáhají vyrovnat se se smutkem. Vtom se ale jeden z nich uskuteční - do jeho života se vrátí kluk, kterého loni v létě potkal v Japonsku. Haru Tanaka zkrátka zničehonic nakráčí do kavárny a posadí se vedle něj. Problém je v tom, že ho nikdo jiný nevidí. Erik má konečně někoho, kdo je mu blízký, a už se na světě necítí tak sám. Jenomže čím víc času s Haruem tráví, tím víc ho pálí otázka, co je skutečné a co si jen představuje. A jakmile se mu začne vymykat z rukou všechno, co v životě považoval za jisté, musí se postavit realitě čelem. A to i za cenu toho, že o Harua navždy přijde. 
650 0 4 |a Young Adult, New Adult 
650 0 4 |a Beletrie pro děti 
856 4 0 |u https://www.bookport.cz/AccountSaml/SignIn/?idp=https://shibboleth.utb.cz/idp/shibboleth&returnUrl=/kniha/kdyz-tady-byl-haru-16047/  |y Dostupné v BOOKPORT po přihlášení pomocí eduID